Foodservice Facilities Planing

Salvato in:
Dettagli Bibliografici
Autore principale: Kazarian, Edward A.
Natura: Libro
Lingua:inglese
Pubblicazione: New York John Wiley and Sons 1989
Edizione:3rd Edition
Soggetti:
Tags: Aggiungi Tag
Nessun Tag, puoi essere il primo ad aggiungerne!!

MARC

LEADER 00000nam a2200000 4500
001 0263049
005 20240111123236.4
020 |a 0-471-29063-7 
041 0 |a eng 
044 |a US 
245 1 0 |a Foodservice Facilities Planing  |c Edward A. Kazarian 
250 |a 3rd Edition 
264 1 |a New York  |b John Wiley and Sons  |c 1989 
300 |a 412 s. 
610 2 0 |a stravovanie spoločné 
610 2 0 |a zariadenia stravovacie 
610 2 0 |a plánovanie 
610 2 0 |a reštaurácie 
610 2 0 |a priestor 
610 2 0 |a priestor pracovný 
610 2 0 |a práca tímová 
610 2 0 |a miesta pracovné 
610 2 0 |a prostredie pracovné 
100 1 |a Kazarian, Edward A.